Statistiken für Finde die geheime Kategorie #5

Klicken Sie hier um das Quiz zu spielen!

Allgemein

  • Dieses Quiz wurde 136 mal gespielt
  • Das Durchschnittsergebnis liegt bei 10 aus 20

Antwortstatistiken

HintAntwort% Korrekt
Eines der vier ElementeErde
87%
Römischer Gott des WassersNeptun
84%
Geheime KategoriePlaneten
82%
Fachmarktkette für ElektronikSaturn
82%
Ein SchokoriegelMars
81%
Größte Gattung der Menschenaffen (plural)Gorillas
66%
Schnaps, bestehend aus GetreideKorn
61%
Tochter des Sultans in "Aladdin"Jasmin
59%
eine SchlafphaseREM
51%
Geheime KategorieMusiker
50%
wie ein Brite einen Freund bezeichnetMate
47%
Hit von Billy Idol; "... Wedding"White Wedding
36%
Erstrebenswerter Zustang im BuddhismusNirvana
34%
fester AggregatzustandEis
33%
Geheime KategorieTeesorten
29%
Geheime KategorieFarben
28%
Progressive Rock-Band; z. B. "Wish you were here"Pink Floyd
20%
Der Zweitgrößte County KaliforniensOrange County
16%
Film mit Tom Hanks aus 1999The Green Mile
14%
Bezeichnung für das britische ParlamentWestminster
7%

Verteilung der Resultate

Perzentil nach korrekt beantworteten Fragen

Anzahl Personen mit jedem Resultat

Ihre Resultats-Entwicklung

Sie haben dieses Quiz noch nicht gespielt